اختيار الممتع في علم الشعر وعمله. (Record no. 5790)
[ view plain ]
| 000 -الفاتح | |
|---|---|
| حقل البيانات ثابتة الطول | 01365nac a22002891u 4500 |
| 003 - محدد رقم الضبط | |
| رقم الضبط | EG-ScBUE |
| 005 - وقت وتاريخ اخر تعامل مع التسجيلة | |
| رقم الضبط | 20201108122512.0 |
| 008 - عناصر البيانات ثابتة الطول - معلومات عامة | |
| حقل البيانات ثابتة الطول | 110905s1983 ua f b 000 p ara d |
| 017 ## - رقم الإيداع القانونى | |
| رقم الإيداع القانونى | 1985/5268 |
| 020 ## - الرقم الدولى المعيارى للكتب | |
| الرقم الدولى المعيارى للكتاب | 9770214698 |
| 040 ## - مصدر الفهرسة | |
| وكالة الفهرسة الأصلية | EG-ScBUE |
| لغة الفهرسة | ara |
| قواعد الوصف | rda |
| وكالة النسخ | EG-ScBUE |
| وكالة التعديل | EG-ScBUE |
| 082 04 - رقم تصنيف ديوى العشرى | |
| رقم التصنيف | 892.71009 |
| رقم المادة | ن هـ ش |
| رقم الطبعة | 22 |
| 100 1# - المدخل الرئيسى - إسم شخصى | |
| الإسم الشخصى | النهشلي، عبد الكريم بن ابراهيم، |
| التواريخ المصاحبة للاسم | ت. 405 هـ.، |
| الدور | مؤلف. |
| 9 (RLIN) | 26995 |
| 245 10 - بيان العنوان | |
| العنوان | اختيار الممتع في علم الشعر وعمله. |
| رقم الجزء/قسم العمل | الجزء الأول / |
| بيان المسئوليه,etc | أبي محمد عبد الكريم بن إبراهيم النهشلي ؛ تحقيق محمود شاكر القطان ؛ تحقيق دكتور محمود شاكر القطان، كلية التربية، جامعة المنوفية. |
| 250 ## - بيان الطبعة | |
| بيان الطبعة | الطبعة الأولى. |
| 264 #1 - النشر، التوزيع | |
| مكان الناشر او الموزع | القاهرة : |
| اسم الناشر او الموزع | دار المعارف، |
| تاريخ النشر أو التوزيع | 1983. |
| 300 ## - الوصف المادى | |
| التعداد | 2 مجلد ؛ |
| أبعاد الوعاء | 24 سم |
| 336 ## - نوع المحتوى | |
| source | rdacontent |
| Carrier Type Term | نص |
| Content Type Code | txt |
| 337 ## - نوع الوسيط | |
| source | rdamedia |
| Media Type Term | بدون وسيط |
| Media Type Code | n |
| 338 ## - نوع الحامل أو الناقل | |
| source | rdacarrier |
| Carrier Type Term | مجلد |
| Carrier Type Code | nc |
| 504 ## - تبصرة ببليوجرافية | |
| تبصرة ببليوجرافية,الخ | يشتمل على إرجاعات ببليوجرافية. |
| 650 #7 - المدخل الاضافى بالموضوع-مصطلح موضوعى | |
| مصطلح موضوعي أو اسم جغرافي كعنصر مدخل | الشعر العربي |
| التقسيم الفرعي العام | تاريخ ونقد. |
| مصدر الرأس أو المصطلح | BUEsh |
| 9 (RLIN) | 15412 |
| 653 ## - مصطلح تكشيفى غير مقيد | |
| Resource For college | Arabic Literature |
| Arrived date list | November2020 |
| 655 ## - مصطلح تكشيفى-نوع/شكل | |
| التقسيم الفرعي الشكلي | Reading book |
| -- | 34232 |
| 700 1# - المدخل الاضافى - اسم شخصى | |
| الإسم الشخصى | القطان ، محمود شاكر، |
| الدور | محقق. |
| 9 (RLIN) | 26996 |
| 942 ## - عناصر المدخل الإضافي( كوها) | |
| Koha [default] item type | Book - Borrowing |
| سابقة رقم الطلب | 811.9 ن ه ش |
| مصدر التصنيف او مخطط الترفيف | Dewey Decimal Classification |
| حالة التراجع | حالة الفقد | مصدر التصنيف او خطة الترفيف | حالة تلف | ليس للاعارة | مجموعات كوها | المكان الدائم | المكان الحالي | موقع الترفيف | تاريخ الاكتساب | رقم الاستدعاء | الباركود | Date last seen | نوع الوعاء |
|---|---|---|---|---|---|---|---|---|---|---|---|---|---|
| Dewey Decimal Classification | Alef-Baa | Central Library | Central Library | Second Floor | 05/09/2011 | 892.71009 ن ه ش | 000007426 | 15/07/2025 | Book - Borrowing |